Statistics for Jessica Mauboy Songs

Click here to take the quiz!

General Stats

  • This quiz has been taken 13 times
  • The average score is 4 of 9

Answer Stats

YearPeakAnswerOther Featured Artist% Correct
20184We Got Love
82%
20196Little Things
64%
20173Fallin'
55%
20145Never Be The Same
55%
20117Pop A Bottle (Fill Me Up)
36%
20117Saturday NightLudacris
36%
20145Can I Get A Moment?
18%
20114Inescapable
9%
20098Up/Down
9%

Score Distribution

Percentile by Number Answered

Percent of People with Each Score

Your Score History

You have not taken this quiz